000 00777nam a2200301Ia 4500
008 160803s9999 xx 000 0 und d
020 _a9780545232517
100 _aOsborne, Mary Pope
245 _aEve of the Emperor penguin /
245 _cby Mary Pope Osborne ; illustrated by Sal Murdocca.
260 _aNew York :
260 _bScholastic Inc.
260 _c2008
300 _a109 pages :
300 _billustrations ;
300 _c22 cm
650 _aAntarctica --
650 _aBrothers and sisters --
650 _aMagic --
650 _aTree houses --
650 _aVoyages and travels --
650 _xFiction.
650 _xFiction.
650 _xFiction.
650 _xFiction.
650 _xJuvenile fiction.
700 _a530
999 _c299568
_d299568